[Event "Excaliburs-Gambits"]
[Site "?"]
[Date "2011.03.22"]
[Round "?"]
[White "Weitz, Ron"]
[Black "Moore, Adam"]
[Result "1-0"]
[WhiteElo "1593"]
[BlackElo "1420"]
[PlyCount "71"]

1. d4 Nf6 2. e3 g6 3. c4 d6 4. Nc3 Bg7 5. Nf3 Bf5 6. Be2 Nbd7 7. O-O O-O 8. Bd3
e5 9. Bxf5 gxf5 10. h3 Ne4 11. Nxe4 fxe4 12. Nh2 f5 13. f3 Qh4 14. f4 Rad8 15.
dxe5 dxe5 16. Qe1 Qxe1 17. Rxe1 Nc5 18. Rb1 Rf7 19. b3 exf4 20. exf4 Rfd7 21.
Be3 Bd4 22. Nf1 Nd3 23. Red1 Nxf4 24. Bxd4 Rxd4 25. Rxd4 Ne2+ 26. Kf2 Nxd4 27.
Ne3 Rf8 28. Rd1 f4 29. Nd5 e3+ 30. Nxe3 fxe3+ 31. Kxe3 Nc2+ 32. Ke4 Nb4 33. a4
Kf7 34. Rd7+ Ke6 35. Rxh7 c6 36. Rxb7 1-0

[Event "Gambits-Excaliburs"]
[Site "?"]
[Date "2011.03.22"]
[Round "?"]
[White "Mosley, Andy"]
[Black "Reid, Carl"]
[Result "0-1"]
[WhiteElo "1048"]
[BlackElo "1504"]
[Annotator "Friske,Tom"]
[PlyCount "49"]

1. e4 c5 2. Nf3 d6 3. b4 b6 4. bxc5 bxc5 5. Bb2 Nc6 6. Bb5 Bd7 7. Bxc6 Bxc6 8.
Nc3 Rb8 9. Rb1 Nf6 10. Qe2 e5 11. O-O Be7 12. Rfe1 O-O 13. Qa6 Qc7 14. Qd3 Nh5
15. Nd5 Bxd5 16. exd5 Nf4 17. Qe4 Qd7 (17... f5) 18. g3 f5 19. Nxe5 dxe5 20.
Qxe5 Bf6 21. Qxf4 Rxb2 22. Rxb2 Bxb2 23. Qc4 Kh8 24. Qxc5 f4 25. Qxf8# 0-1

[Event "Forks-UOP"]
[Site "?"]
[Date "2011.04.05"]
[Round "?"]
[White "Inumerable, Florin"]
[Black "Boldingh, Edwin"]
[Result "1/2-1/2"]
[WhiteElo "2169"]
[BlackElo "1902"]
[Annotator "Friske,Tom"]
[PlyCount "40"]

1. d4 Nf6 2. Nf3 c5 3. c4 cxd4 4. Nxd4 e5 5. Nc2 d5 6. cxd5 Nxd5 7. e4 Nb4 8.
Qxd8+ Kxd8 9. Nba3 Be6 10. Bd2 Nxc2+ 11. Nxc2 Bd6 12. Be2 Ke7 13. Bc3 Nd7 14.
f3 Rac8 15. Ne3 Nb6 16. Bd2 g6 17. b3 Bc5 18. Bd3 Bd4 19. Rc1 f6 20. Ke2 Bb2 {
Both sides had around 10 minutes to make 25 moves, and the match was already
decided.} 1/2-1/2

[Event "UOP-Forks"]
[Site "?"]
[Date "2011.04.05"]
[Round "?"]
[White "Leong, Gee"]
[Black "Levenson, Steve"]
[Result "1/2-1/2"]
[WhiteElo "1945"]
[BlackElo "1962"]
[Annotator "Friske,Tom"]
[PlyCount "106"]

1. d4 Nf6 2. Nf3 g6 3. e3 Bg7 4. Bd3 O-O 5. O-O d6 6. Nbd2 Nc6 7. a3 e5 8. c4
a5 9. d5 Ne7 10. e4 Nd7 11. Re1 f5 12. Nf1 f4 13. g3 h6 14. Rb1 g5 15. g4 Nf6
16. h3 Nxg4 17. hxg4 Bxg4 18. Be2 Qe8 19. N3h2 Bxe2 20. Qxe2 h5 21. b4 axb4 22.
Rxb4 b6 23. Rb3 Qg6 24. f3 Kf7 25. Rd1 Ng8 26. c5 bxc5 27. Rb7 Rfc8 28. Qb5 Qf6
29. a4 Nh6 30. Rd2 g4 31. fxg4 Qe7 32. Qc6 hxg4 33. Rdb2 g3 34. Nf3 Ng4 35. Qb5
Rh8 36. Nxg3 fxg3 37. Ng5+ Kg6 38. Qd3 Rh5 39. Qxg3 Rxg5 40. Rg2 Ne3 41. Qxg5+
Qxg5 42. Rxg5+ Kxg5 43. Bxe3+ Kg4 44. Rxc7 Kf3 45. Bxc5 dxc5 {with 30 seconds
left...} 46. Rxg7 Rxa4 (46... Kxe4 $1 47. Rd7 (47. Rc7 Kxd5) (47. d6 Rd8 48.
Rg6 Kd5 49. a5 Rxd6 50. Rxd6+ (50. Rg3 Ra6 51. Ra3 Kc4 (51... c4 {idea Kc5-b4}
52. Kf2 (52. Re3 Kd4) 52... Kc5 53. Re3 Re6 54. a6 Kb6 55. Re4 Rc6 56. Rxe5 c3
57. Re1 c2 58. Rc1 Kxa6 59. Ke2 Kb5 60. Kd2 $11) (51... Kd4 $1 52. Kf2 (52.
Ra4+ c4) 52... c4 53. Ke2 c3 54. Kd1 Kd3 55. Ra2 Rh6 $1 {idea Rh1#} 56. Re2 (
56. Ke1 $4 Rh1+ 57. Kf2 Rh2+ 58. Kf3 Rxa2) 56... Rh1+ 57. Re1 c2+ $19) 52. Kf2
(52. Re3 Kd4 53. Kf2 Rxa5) 52... Kb4 53. Re3 Re6 54. a6 $11) 50... Kxd6 51. Kf2
Kc6 52. Ke3 c4 53. Kd2 (53. Ke4 Kb5 54. Kxe5 $4 (54. Kd5 $4 c3) 54... c3) (53.
a6 Kb6) 53... e4 $1 (53... Kb5 54. Kc3 e4 55. a6 Kxa6 56. Kxc4 $11) 54. Kc3 (
54. Ke3 c3 $19) (54. Kc2 e3 (54... Kb5 55. Kc3 e3 $19) 55. Kd1 c3 $1 56. Kc2 e2
$19) 54... e3 $19) 47... Rxa4 {idea Rd4} 48. d6 Kd5 {idea Kc6/Ke6} 49. Rd8 Ra7
50. d7 Kd6 51. Kf2 Rxd7 52. Re8 Kd5 53. Ke3 c4) 47. Rc7 Rd4 48. Rxc5 Kxe4 49.
Kf2 Kd3 (49... Rxd5 50. Rxd5 Kxd5 51. Ke3 $11) 50. d6 e4 51. Rc1 Kd2 52. Re1 {
DRAW AGREED} e3+ 53. Rxe3 Rxd6 (53... Rf4+ 54. Rf3) 1/2-1/2

[Event "Forks-UOP"]
[Site "?"]
[Date "2011.04.05"]
[Round "?"]
[White "Granata, Mike"]
[Black "Lechnick, Jay"]
[Result "1-0"]
[WhiteElo "1914"]
[BlackElo "1641"]
[Annotator "Friske,Tom"]
[PlyCount "141"]

1. Nf3 f5 2. b4 Nf6 3. c4 e6 4. b5 Be7 5. e3 O-O 6. Be2 c6 7. a4 d5 8. O-O Nbd7
9. d4 a6 10. Bb2 axb5 11. axb5 Rxa1 12. Bxa1 cxb5 13. cxd5 Nxd5 14. Bxb5 N7b6
15. Qb3 Bd7 16. Bb2 Bxb5 17. Qxb5 Qd7 18. Qxd7 Nxd7 19. Rc1 N7b6 20. Ba3 Rc8
21. Rxc8+ Nxc8 22. Kf1 h6 23. Ke2 Kf8 24. Ne5 Bxa3 25. Nxa3 Ke7 26. Kd3 Nd6 27.
f3 g5 28. Nac4 Nb5 29. Na5 Nd6 30. g3 Nb4+ 31. Kc3 Nd5+ 32. Kd3 Nb4+ 33. Kd2
Nd5 34. Nac4 Nb5 35. Na5 Nd6 36. Nec4 b6 37. Nc6+ Kd7 38. N6e5+ Kc7 39. Nxd6
Kxd6 40. e4 (40. Nf7+ $143 Ke7 41. Nxh6 Kf6 {><Nh6}) 40... fxe4 41. fxe4 Nb4
42. Nf7+ Ke7 43. Nxh6 {Now the Knight can re-enter via g4} Nc6 44. Kd3 b5 45.
Ng4 Kd6 46. e5+ Ke7 (46... Kd5 $4 47. Ne3#) 47. Nf6 Kf7 48. Ne4 Kg6 49. g4 Nb4+
50. Kd2 Nd5 51. Nc3 Nc7 52. Kd3 Kf7 53. Ne4 Kg6 54. Nd6 Kg7 55. Ne4 Kg6 56. Nc3
Kf7 57. Na2 Nd5 58. Nc3 Nc7 59. Nd1 Nd5 60. Ne3 Nc7 61. Kc3 Ke7 62. Kb4 Kd7 63.
Kc5 Ke7 64. Kc6 Na6 65. Kxb5 Nb8 66. Nc4 Nd7 67. Nb6 Nf8 68. Kc5 Ng6 69. Nc8+
Kd7 70. Nd6 Ke7 71. Ne4 1-0

[Event "UOP-Forks"]
[Site "?"]
[Date "2011.04.05"]
[Round "?"]
[White "Schwanbeck, Steve"]
[Black "Sollano, Ely"]
[Result "0-1"]
[WhiteElo "1583"]
[BlackElo "1918"]
[Annotator "Friske,Tom"]
[PlyCount "92"]

1. f4 Nf6 2. Nf3 b6 3. e3 e6 4. Be2 Be7 5. d3 c5 6. e4 d6 7. O-O O-O 8. Qe1 Nc6
9. c3 Qc7 10. a4 c4 11. d4 Nxe4 12. Bxc4 d5 13. Bd3 f5 14. Nbd2 Nf6 15. Ne5
Nxe5 16. fxe5 Ne4 17. g4 Qd8 18. gxf5 exf5 19. Nf3 Be6 20. Kh1 Kh8 21. Rg1 Rg8
22. Bxe4 fxe4 23. Ng5 Bxg5 24. Bxg5 Qd7 25. Qh4 Raf8 26. Rg3 Rf3 27. Rag1 Rgf8
28. Bf6 Rxg3 29. Rxg3 gxf6 30. exf6 Qf7 (30... Rf7 31. Qg5 Qe8 {idea Qf8,Rxf6})
31. Rg7 Qxg7 32. fxg7+ Kxg7 33. Qe7+ Bf7 34. Qxa7 Re8 35. Kg1 Re6 36. Qc7 e3
37. Kf1 e2+ 38. Ke1 Kf6 39. Qf4+ Kg7 40. b4 Bg6 41. a5 bxa5 42. bxa5 Bc2 43.
Qc7+ Kg6 44. Qc8 Kf6 45. Qxe6+ $4 {the a-passer was supposed to be unstoppable}
Kxe6 46. a6 Ba4 {Neither side kept score.  Black won the a-Pawn and was able
to advance his King down the f-file.} 0-1

[Event "Forks-UOP"]
[Site "?"]
[Date "2011.04.05"]
[Round "?"]
[White "Bian, Mike"]
[Black "Olsen, Art"]
[Result "1/2-1/2"]
[WhiteElo "1483"]
[BlackElo "1513"]
[Annotator "Friske,Tom"]
[PlyCount "69"]

1. e4 c5 2. Nc3 Nc6 3. f4 e5 4. Nf3 d6 5. Bb5 Bg4 6. O-O Bxf3 7. Qxf3 Nf6 8. d3
Be7 9. fxe5 dxe5 10. Nd5 (10. Qg3 {weaknesses Pg7,Pe5} O-O 11. Bh6 Nh5 12. Qg4
g6 (12... Nf6 $4 13. Qxg7#) 13. Bxf8 Bxf8 14. Nd5) 10... O-O 11. Bxc6 bxc6 12.
Nxe7+ Qxe7 13. Be3 Nd7 14. Qg3 Qe6 15. Rf5 Kh8 16. b3 g6 17. Rf3 f5 18. exf5
Rxf5 19. Bh6 Rxf3 20. Qxf3 Qf6 21. Qg3 Rg8 22. Rf1 Qd6 23. Qe3 Qd4 24. Rf7 (24.
Qxd4 cxd4 25. Rf7 Nc5 26. Rxa7 e4 27. dxe4 Nxe4 28. a4 (28. Rc7)) 24... Nb6 25.
Qxd4 cxd4 26. Rxa7 Nd5 27. Rf7 (27. a4 Nb4 28. Rc7 Nxc2 29. Rxc6 Nb4) 27... Nb4
28. a4 Nxc2 29. Rf8 Nb4 30. Rxg8+ Kxg8 31. a5 Kf7 32. Kf2 $2 (32. Kf1 Nxd3 $4
33. a6 $18) 32... Nxd3+ 33. Kf3 Nc5 34. b4 Na6 35. Bd2 {DRAW AGREED, sealing
the win for the Forks} 1/2-1/2

[Event "UOP-Forks"]
[Site "?"]
[Date "2011.04.05"]
[Round "?"]
[White "Ramos, John"]
[Black "Nick, Xan"]
[Result "1-0"]
[WhiteElo "1125"]
[BlackElo "1257"]
[Annotator "Friske,Tom"]
[PlyCount "107"]

1. d4 Nf6 2. c4 e6 3. Nc3 Bb4 4. a3 Bxc3+ 5. bxc3 b6 6. Nf3 Bb7 7. e3 O-O 8.
Bd3 c5 9. O-O Nc6 10. Bd2 d6 11. Re1 Ne7 (11... e5 12. d5 Na5 {idea Ba6
weakness Pc4  and also e5-e4 forking}) 12. e4 Ng6 13. d5 e5 14. Bg5 h6 15. Be3
Bc8 16. h3 Bd7 17. a4 Nh7 18. Qd2 Nh4 19. Qe2 f5 20. Nxh4 Qxh4 21. f3 f4 22.
Bf2 Qh5 23. Kh2 Ng5 (23... g5 {idea Rf7-g7,g5-g4,etc   maybe include Kh8,Rag8}
24. g4 fxg3+ 25. Bxg3) 24. Qf1 Bxh3 {the minor pieces are more useful here.
Build the attack first !} 25. gxh3 Nxf3+ 26. Kh1 Nxe1 27. Rxe1 Kh7 28. Qg2 Rf7
(28... g5 29. Qg4 Qf7) 29. Rg1 Rg8 30. Bc2 g5 31. Qg4 Qg6 32. Qf3 h5 33. Bd1
Kh6 34. Rg2 Qf6 $2 35. Qxh5+ Kg7 36. Rxg5+ Kf8 37. Rf5 Qg7 38. Rxf7+ Qxf7 39.
Qxf7+ Kxf7 40. Bg4 Rh8 41. Kg2 Kg6 42. Kf3 Kg5 43. Be1 Kg6 44. h4 Kf6 45. Bf2
Kf7 46. h5 Rb8 47. Bf5 a6 (47... Kg7) 48. h6 b5 49. cxb5 axb5 50. axb5 Rxb5 51.
h7 Kg7 52. Bh4 Rb3 53. Bf6+ Kxf6 54. h8=Q+ 1-0

[Event "Kings-UOP"]
[Site "?"]
[Date "2010.09.23"]
[Round "?"]
[White "Aitipamula, Jethender"]
[Black "Leong, Gee"]
[Result "1/2-1/2"]
[WhiteElo "2044"]
[BlackElo "1945"]
[Annotator "Friske,Tom"]
[PlyCount "42"]

1. e4 d5 2. exd5 Qxd5 3. Nc3 Qd6 4. Nf3 Nf6 5. Bc4 c6 6. O-O Bg4 7. h3 Bh5 8.
Re1 e6 9. Be2 Be7 10. d3 h6 11. Be3 Nbd7 12. Qd2 g5 13. Nh2 Bg6 14. Rad1 O-O-O
15. Bf3 Rdg8 16. Ne4 Qc7 17. Bd4 Rh7 18. Nxf6 Nxf6 19. Be5 Bd6 20. Qc3 Nd5 21.
Bxd5 exd5 {DRAW AGREED} (21... cxd5 $2 22. Bxd6 {wins a piece !}) 1/2-1/2

[Event "UOP-Kings"]
[Site "?"]
[Date "2010.09.23"]
[Round "?"]
[White "Boldingh, Edwin"]
[Black "Wallach, Cliff"]
[Result "1/2-1/2"]
[WhiteElo "1902"]
[BlackElo "1955"]
[PlyCount "39"]

1. e4 c5 2. Nf3 g6 3. d4 cxd4 4. Nxd4 Bg7 5. Nc3 Nc6 6. Be3 Nf6 7. Be2 O-O 8.
g4 d5 9. Nxc6 bxc6 10. e5 Ne4 11. Nxe4 dxe4 12. Qxd8 Rxd8 13. Bf4 Be6 14. c4 f6
15. b3 fxe5 16. Be3 a5 17. O-O a4 18. b4 a3 19. Rab1 Rdb8 20. Rb3 1/2-1/2

[Event "Kings-UOP"]
[Site "?"]
[Date "2010.09.23"]
[Round "?"]
[White "Piparia, Jankesh"]
[Black "Siwek, Mark"]
[Result "1/2-1/2"]
[WhiteElo "1921"]
[BlackElo "1936"]
[Annotator "Friske,Tom"]
[PlyCount "85"]

1. e4 c6 2. d4 d5 3. e5 Qb6 4. c3 Bf5 5. Bd3 Bxd3 6. Qxd3 e6 7. f4 c5 8. Nf3
Nc6 9. a3 Rc8 10. Nbd2 Nh6 11. b4 c4 12. Qe2 Be7 13. O-O Nf5 14. Kh1 h5 15. Ng5
g6 16. Ndf3 Kf8 17. Bd2 Kg7 18. Be1 a5 19. Bf2 axb4 20. axb4 Ra8 21. Rxa8 Rxa8
22. h3 Ra3 23. g4 hxg4 24. hxg4 Nh6 25. f5 exf5 26. gxf5 Nxf5 27. Be1 Ra8 28.
e6 f6 29. Nf7 Nd8 30. Nh4 Qxe6 31. Nxf5+ gxf5 32. Rg1+ Kf8 (32... Kxf7 33. Qh5+
Kf8 34. Qh8+ Kf7 35. Rg7#) 33. Nh6 Ke8 34. Qh5+ Kd7 35. Qxf5 Ra1 36. Qxe6+ Kxe6
37. Kg2 f5 38. Rf1 Ra2+ 39. Kh3 Nf7 40. Nxf7 Kxf7 41. Rxf5+ Ke6 42. Re5+ Kd6
43. Kg4 {After making the time control, DRAW AGREED} 1/2-1/2

[Event "UOP-Kings"]
[Site "?"]
[Date "2010.09.23"]
[Round "?"]
[White "Lechnick, Jay"]
[Black "Cygan, Joe"]
[Result "1/2-1/2"]
[WhiteElo "1641"]
[BlackElo "1783"]
[PlyCount "97"]

1. e4 c5 2. Nf3 d6 3. d4 cxd4 4. Nxd4 Nf6 5. Nc3 a6 6. h3 e6 7. Be3 Be7 8. Bd3
Nbd7 9. Nf3 b5 10. O-O Bb7 11. Nd2 d5 12. f3 Qc7 13. exd5 Nxd5 14. Nxd5 Bxd5
15. Be4 Nf6 16. Bd3 Rd8 17. Qe1 Bc5 18. Qf2 Bxe3 19. Qxe3 O-O 20. a3 Rd7 21.
Rac1 Rfd8 22. Rf2 Bc4 23. Bxc4 bxc4 24. Ne4 Nd5 25. Qc5 Qf4 26. Rd1 Qc7 27.
Qxc7 Rxc7 28. Rfd2 Kf8 29. Kf2 Ke7 30. g3 f5 31. Nc3 Nxc3 32. Rxd8 Nxd1+ 33.
Rxd1 Rd7 34. Rxd7+ Kxd7 35. Ke3 e5 36. g4 g6 37. h4 Kd6 38. b3 Kc5 39. h5 a5
40. hxg6 hxg6 41. gxf5 gxf5 42. Kd2 Kd4 43. c3+ Kc5 44. b4+ Kb5 45. Ke3 Ka4 46.
f4 e4 47. Kd4 Kb5 48. Ke3 axb4 49. axb4 1/2-1/2

[Event "Kings-UOP"]
[Site "?"]
[Date "2010.09.23"]
[Round "?"]
[White "Goncharoff, Nik"]
[Black "Olsen, Art"]
[Result "1/2-1/2"]
[WhiteElo "1540"]
[BlackElo "1513"]
[PlyCount "45"]

1. e4 e5 2. Nf3 d6 3. h3 Nf6 4. Nc3 c6 5. Bc4 d5 6. exd5 cxd5 7. Bb5+ Nc6 8. d3
Bd7 9. O-O Bc5 10. Bxc6 bxc6 11. Nxe5 O-O 12. Nxd7 Qxd7 13. Na4 Bd6 14. b3 Be5
15. d4 Bc7 16. Nc5 Qd6 17. f4 g6 18. Qf3 Qd8 19. c3 Re8 20. Bd2 Qd6 21. Nb7 Qa3
22. Bc1 Qa6 23. Nc5 1/2-1/2

[Event "UOP-Kings"]
[Site "?"]
[Date "2010.09.23"]
[Round "?"]
[White "Ramirez, Artufo"]
[Black "Rabinovich, Eugene"]
[Result "0-1"]
[WhiteElo "1080"]
[BlackElo "1454"]
[Annotator "Friske,Tom"]
[PlyCount "100"]

1. e4 e5 2. Nc3 Nf6 3. Nf3 Nc6 4. d4 exd4 5. Nxd4 Bc5 6. Nxc6 bxc6 7. e5 Qe7 8.
Bf4 d6 9. Qe2 Ng4 10. O-O-O Nxf2 11. Be3 Bxe3+ 12. Qxe3 Nxd1 13. Nxd1 Qxe5 14.
Qb3 O-O 15. Bd3 Qg5+ 16. Kb1 Qxg2 17. Rf1 Be6 18. Qc3 Qxh2 19. Nf2 Bh3 20. Rh1
Qxf2 21. Bxh7+ Kh8 22. a3 (22. Qxh3 {idea Bg6+,  Qh7# or Qh8#}) 22... Qh4 23.
Rxh3 Qxh7 24. Rxh7+ Kxh7 25. Qxc6 Rfc8 26. b4 Rab8 27. Kb2 a5 28. Kb3 axb4 29.
axb4 Ra8 30. Qe4+ Kg8 31. Qd5 Rab8 32. Kc4 Rd8 33. c3 c5 34. b5 Rb6 35. Qg5
Rdb8 36. Kd5 c4 37. Kxc4 Rxb5 38. Qxb5 Rxb5 39. Kxb5 g5 40. c4 g4 41. Kc6 g3
42. Kxd6 g2 43. c5 g1=Q 44. c6 Qd4+ 45. Kc7 Kf8 46. Kb7 Qb4+ 47. Kc7 Ke7 48.
Kc8 Kd6 49. c7 Qb6 50. Kd8 Qxc7+ 0-1

[Event "Knights-UOP"]
[Site "?"]
[Date "2010.12.21"]
[Round "?"]
[White "Fridman, Yuri"]
[Black "Leong, Gee"]
[Result "1-0"]
[WhiteElo "2266"]
[BlackElo "1945"]
[PlyCount "99"]

1. e4 d5 2. exd5 Qxd5 3. Nc3 Qa5 4. d4 c6 5. h3 Nf6 6. Bd2 Qb6 7. Nf3 Bf5 8.
Na4 Qc7 9. Be2 Nbd7 10. O-O e6 11. c4 c5 12. Nc3 a6 13. Re1 cxd4 14. Nxd4 Bg6
15. Rc1 Be7 16. Bf3 O-O 17. Bg5 Nc5 18. Re2 Nd3 19. Ra1 Rad8 20. Nb3 Nxb2 21.
Qc1 Nxc4 22. Bf4 e5 23. Bg3 Rd7 24. Ne4 Nxe4 25. Bxe4 f5 26. Bxb7 Qxb7 27.
Qxc4+ Bf7 28. Qa4 f4 29. Bh2 Rfd8 30. Rxe5 Bf6 31. Nc5 Bxe5 32. Nxb7 Bxa1 33.
Nxd8 Rxd8 34. Bxf4 h6 35. Qxa6 Bd4 36. Be3 Be5 37. f4 Bf6 38. a4 Rd1+ 39. Kf2
Ra1 40. Qa8+ Kh7 41. Qe4+ Bg6 42. Qc4 Be8 43. Qc2+ Bg6 44. Qb3 Be8 45. Qd3+ g6
46. Qd6 Ra2+ 47. Kf3 Kg7 48. Bc5 Bxa4 49. Qf8+ Kh7 50. Qxf6 1-0

[Event "UOP-Knights"]
[Site "?"]
[Date "2010.12.21"]
[Round "?"]
[White "Easton, Richard"]
[Black "Morris, Robert"]
[Result "0-1"]
[WhiteElo "1823"]
[BlackElo "2206"]
[PlyCount "50"]

1. d4 d5 2. Nf3 Nf6 3. c4 c6 4. Nc3 g6 5. e3 Bg7 6. Ne5 Nbd7 7. f4 O-O 8. Qb3
Nb6 9. cxd5 cxd5 10. Bd2 Be6 11. Be2 Ne4 12. Bg4 Nxd2 13. Kxd2 Bxg4 14. Nxg4
Nc4+ 15. Ke2 Qd7 16. Ne5 Bxe5 17. fxe5 f6 18. e4 Qg4+ 19. Kd3 fxe5 20. Nxd5 b5
21. Ne3 Qd7 22. d5 Rf2 23. Nxc4 bxc4+ 24. Qxc4 Rxg2 25. Qc6 Qh3+ 0-1

[Event "Knights-UOP"]
[Site "?"]
[Date "2010.12.21"]
[Round "?"]
[White "Thomson, Jim"]
[Black "Van Meer, John"]
[Result "1-0"]
[WhiteElo "2009"]
[BlackElo "1898"]
[Annotator "Friske,Tom"]
[PlyCount "131"]

1. e4 e5 2. Nf3 f5 3. Nxe5 Nc6 4. Qh5+ g6 5. Nxg6 Nf6 6. Qh3 hxg6 7. Qxh8 Qe7
8. Qh4 Nd4 9. Kd1 Qxe4 10. Qxe4+ Nxe4 11. c3 Nxf2+ 12. Ke1 Nxh1 13. cxd4 Bg7
14. Nc3 Bxd4 15. Nd5 Be5 16. g3 c6 17. Nf4 g5 18. Ne2 d5 19. d4 Bf6 20. Bg2
Nxg3 21. hxg3 Be6 22. Be3 Kf7 23. Kf2 Re8 24. Rh1 Kg7 25. Rd1 Rh8 26. Ng1 Kg6
27. Nf3 Re8 28. b4 a6 29. a4 b5 30. axb5 cxb5 31. Rc1 Rc8 32. Rxc8 Bxc8 33. Ke2
Be6 34. Nd2 Be7 35. Nf3 Kh6 36. Bd2 Kh5 37. Ne5 Bd6 38. Bf3+ Kh6 39. Bg2 Kh5
40. Bf3+ Kh6 41. Kf2 Be7 42. Nd3 Kg6 43. Nc5 Kf7 44. Nxa6 Bf6 45. Bc3 Ke7 46.
Nc7 Kd6 47. Nxb5+ Kc6 48. Na3 Be7 49. Be2 Bd6 50. Nc2 f4 51. g4 Bc7 52. Ne1 Bd6
53. Nd3 Bg8 54. Nc5 Bf7 55. Bd3 Bg8 56. b5+ Kb6 57. Ba5+ (57. Na4+) 57... Kxa5
58. Nb7+ Kb6 59. Nxd6 Kc7 60. Ne8+ Kb6 61. Nf6 Be6 62. Kf3 Bf7 63. Nh7 Be8 64.
Nxg5 Bxb5 65. Bxb5 Kxb5 66. Kxf4 1-0

[Event "UOP-Knights"]
[Site "?"]
[Date "2010.12.21"]
[Round "?"]
[White "Boldingh, Edwin"]
[Black "Balicki, Jeff"]
[Result "1-0"]
[WhiteElo "1902"]
[BlackElo "1816"]
[PlyCount "61"]

1. e4 d5 2. exd5 Nf6 3. Bb5+ Bd7 4. Bc4 Bf5 5. Nc3 c6 6. dxc6 Nxc6 7. Nf3 e5 8.
O-O Qd7 9. Re1 e4 10. Ng5 Ne5 11. Ngxe4 O-O-O 12. Nxf6 gxf6 13. Bd5 Bb4 14. Be4
Bg4 15. f3 Bc5+ 16. Kh1 Be6 17. d3 f5 18. Bxf5 Bxf5 19. Rxe5 Bd6 20. Rd5 Qe6
21. Qg1 Rhe8 22. Bd2 a6 23. Re1 Qg6 24. Rxe8 Rxe8 25. Ne4 Bc7 26. Qc5 Be6 27.
Nd6+ Kd7 28. Nxe8+ Kxe8 29. Rg5 Bb6 30. Qxb6 Qxg5 31. Bxg5 1-0

[Event "Knights-UOP"]
[Site "?"]
[Date "2010.12.21"]
[Round "?"]
[White "Cherkassky, G."]
[Black "Lechnick, Jay"]
[Result "*"]
[WhiteElo "1764"]
[BlackElo "1641"]
[Annotator "Friske,Tom"]
[PlyCount "52"]

1. e4 e6 2. d4 d5 3. exd5 exd5 4. Nf3 Nf6 5. c4 Be7 6. Nc3 c6 7. Bf4 Nbd7 8. c5
O-O 9. Bd3 Re8 10. O-O Nf8 11. Ne5 Ng6 12. Bxg6 fxg6 13. Qd2 Nh5 14. Be3 Nf6
15. Rae1 Ng4 16. f4 Bf6 17. h3 Nxe3 18. Rxe3 Rf8 19. Qc2 Qc7 20. a4 b6 21. b4
a5 22. Qb2 bxc5 23. bxc5 Ba6 24. Rf2 Rfb8 25. Qd2 Rb1+ 26. Kh2 Rab8 {score
stopped working (moves missing?)} *

[Event "UOP-Knights"]
[Site "?"]
[Date "2010.12.21"]
[Round "?"]
[White "Mossbridge, Adam"]
[Black "Babinec, Joe"]
[Result "1-0"]
[WhiteElo "1599"]
[BlackElo "1327"]
[PlyCount "53"]

1. e4 Nf6 2. e5 Nd5 3. Nf3 d6 4. exd6 cxd6 5. Bc4 Nb6 6. Bb5+ Bd7 7. Qe2 a6 8.
Bd3 e5 9. O-O g6 10. Nxe5 dxe5 11. Qxe5+ Be6 12. Qxh8 N8d7 13. Qxh7 Qf6 14. Nc3
O-O-O 15. Ne4 Qe5 16. Qh4 Bg7 17. Qg3 Rh8 18. Qxe5 Bxe5 19. Ng3 f5 20. h3 f4
21. Ne4 Bxh3 22. gxh3 f3 23. Ng5 Rh5 24. Nxf3 Bf4 25. Bxg6 Rxh3 26. Kg2 Rh6 27.
Bf5 1-0

[Event "UOP-Kings"]
[Site "?"]
[Date "2011.01.20"]
[Round "?"]
[White "Boldingh, Edwin"]
[Black "Melnikov, Igor"]
[Result "1-0"]
[WhiteElo "1902"]
[BlackElo "2016"]
[Annotator "Friske,Tom"]
[PlyCount "85"]

1. e4 e5 2. d4 exd4 {Kind of a Scandinavian Defence, with colors reversed.} 3.
f4 {Diagram #  This is the kind of creative stuff you need to be psych'ed for
when meeting Edwin !} d5 {My database says this is about the worst reply for
Black (according to actual practice).  Theoretically, it would seem Black is
OK to open the position.. yet White does have the natural extra move.} 4. Qxd4
dxe4 5. Qxe4+ Be7 6. Bc4 Nf6 7. Qe2 {Diagram #, Geesh a lot of Queen moves and
she's still not on a safe square !} Nc6 8. Nf3 Bg4 9. Be3 O-O 10. O-O Re8 11.
Nc3 {Diagram #} Bc5 $2 {looks strong, but} 12. Bxf7+ $1 {tactics trump
everything except mate !} Kxf7 13. Qc4+ Be6 14. Qxc5 {Diagram #  White's
position suddenly looks ideal-- even for his Queen !} Kg8 15. Rad1 {feels like
White is a couple pieces up !} Nd7 16. Qh5 Nf6 {Diagram #} 17. Rxd8 (17. Qh4 {
gains a tempo for Ng5.  I wouldn't trade Queens with an attack in hand.} Qe7
18. Ng5 Bc4 {just to try discovering with another threat, but Bishop is loose
here} 19. Rf3 h6 {Diagram # Guess White must retreat.} 20. Rh3 $5 hxg5 21. fxg5
{Diagram #  Bc4 and Nf6 hang and g5-g6 threatens}) 17... Nxh5 18. Rxa8 Rxa8 {
Diagram #} 19. Nd4 Bc4 20. Rf2 $2 {creating a deadly backrank weakness} (20.
Rf3 {allows Kf2 and pre-defends Be3}) 20... Re8 21. Nxc6 Rxe3 {Diagram #} 22.
g4 {White has to make luft for his King !} (22. Ne5 $4 Re1+) 22... bxc6 23.
gxh5 Kf7 24. f5 Bd5 {Diagram # Black is at least equal. White's weak Pawns are
too far advanced, and easily attacked.} 25. Rd2 Re1+ 26. Kf2 Re5 27. Kg3 Rxf5
28. Kg4 {Diagram #} Be6 29. Kh4 Rf4+ $2 (29... Rf3 {Diagram # threatens mate
in two (h6,Rh3#)} 30. Rd3 (30. h6 $2 Rh3+ 31. Kg5 Rxh6) 30... Rxd3 31. cxd3 {
Diagram #} Kf6 {idea Ke5-d4} (31... Bf5 32. d4)) 30. Kg3 Rg4+ 31. Kf3 Rh4 32.
Kg3 Rh3+ 33. Kg2 Rxh5 {Diagram #} 34. Rf2+ Rf5 (34... Ke7 {keeps an attacker
on board without allowing a threat.  A clock consideration may be a factor.})
35. Nd1 Rxf2+ 36. Kxf2 {Diagram #} Bxa2 $6 {Surely Igor knows this common trap.
.. got to be a clock error.} 37. b3 Bb1 38. Ne3 Ke6 39. Ke2 a5 40. Kd2 {
Diagram #} Ke5 $2 ({Black might want to try overloading the Knight} 40... a4 $5
41. Kc1 $2 ({White's best is probably to let the Bishop out} 41. bxa4 Kd6 {to
control the passer, but maybe the King is too far away}) 41... axb3 $1 42. Kxb1
bxc2+ 43. Kxc2 {Diagram #  Black should advance his King to win or trade off
White's last Pawn for a forced draw.}) 41. Nc4+ {hate Knights !!} Kd4 42. Nxa5
Ba2 43. c3+ {Diagram #} 1-0

[Event "Kings-UOP"]
[Site "?"]
[Date "2011.01.20"]
[Round "?"]
[White "Aitipamula, J."]
[Black "Leong, Gee"]
[Result "1-0"]
[WhiteElo "2044"]
[BlackElo "1945"]
[Annotator "Friske,Tom"]
[PlyCount "116"]

1. e4 d5 2. Nc3 d4 3. Nce2 c5 4. Nf3 Nc6 5. Ng3 e5 6. Bb5 Bd6 7. O-O Nge7 8.
Re1 O-O 9. h3 a6 10. Bf1 Kh8 11. Ng5 f6 12. Nxh7 Rg8 (12... Kxh7 13. Qh5+ Kg8
14. Bc4+) 13. Qh5 Qe8 14. Nxf6+ Qxh5 15. Nfxh5 Be6 16. a3 Raf8 17. Nh1 g5 18.
g4 Ng6 19. d3 Nh4 20. Bg2 c4 21. Bd2 cxd3 22. cxd3 Nf3+ 23. Bxf3 Rxf3 24. Kg2
Rxd3 25. Bc1 Na5 26. N5g3 Rb3 27. Nf5 Bc5 28. Nhg3 Nc4 29. Rh1 Rg6 30. Nf1 Nxb2
31. Nd2 Rb6 32. Nf3 Nd3 33. Bxg5 Rb2 34. Bd2 Bxf5 35. exf5 Rc6 36. Rhb1 Rcb6
37. Rxb2 Rxb2 38. Be1 e4 39. Ng5 e3 40. Ne4 Bb6 41. Kf1 e2+ 42. Kg1 Nf4 43. h4
d3 44. Bc3+ Kg8 45. Bxb2 Nh3+ 46. Kg2 Nxf2 47. Nxf2 d2 48. Bc3 Bd4 49. Bxd2
Bxa1 50. Nd3 b5 51. Kf3 Bf6 52. g5 Bd8 53. Kxe2 a5 54. f6 Bc7 55. Kf3 b4 56.
axb4 axb4 57. Bxb4 Kf7 58. Kg4 Ke6 1-0